[Event "EU-ch (Women) 24th"]
[Site "Rhodes"]
[Date "2024.04.28"]
[Round "9"]
[White "Gaal, Zsoka"]
[Black "Hryzlova, Sofiia"]
[Result "1-0"]
[WhiteElo "2356"]
[BlackElo "2251"]
[PlyCount "125"]
[EventDate "2024.04.19"]
[EventType "swiss"]
[EventRounds "10"]
[EventCountry "GRE"]
[SourceTitle "CB18_2024"]
[SourceDate "2024.05.01"]
[SourceVersion "1"]
[SourceVersionDate "2024.05.01"]
[SourceQuality "2"]

1. d4 e6 2. c4 Nf6 3. Nc3 Bb4 4. e3 0-0 5. Bd3 d5 6. a3 Bxc3+ 7. bxc3 dxc4 8. Bxc4 c5 9. Ne2 Qc7 10. Ba2 b6 11. 0-0 Ba6 12. Re1 Rd8 13. Ng3 Nc6 14. Bb2 Na5 15. e4 Bc4 16. Bxc4 Nxc4 17. Bc1 Ne8 18. h4 cxd4 19. cxd4 Qd6 20. d5 Qe5 21. Rb1 exd5 22. Bg5 Rd6 23. Nf5 dxe4 24. Nxd6 Nexd6 25. a4 h6 26. Bc1 Re8 27. Qb3 Qf6 28. Qh3 Re6 29. Be3 Qe5 30. Red1 Qa5 31. Bf4 Rf6 32. Bxd6 Nxd6 33. Rbc1 Qh5 34. Rd4 Kh7 35. Qh2 Qg6 36. h5 Qg5 37. Rcd1 Nb7 38. Rxe4 Nc5 39. Red4 Qf5 40. Qh4 Ne6 41. Rd6 Qe5 42. Qg4 Rf4 43. Qh3 Nc5 44. Rd8 Qe2 45. Qg3 Rf5 46. R8d5 Qxh5 47. Rxf5 Qxf5 48. Rd4 Qe6 49. Qf4 g6 50. f3 Kg7 51. Kh2 g5 52. Qg3 a6 53. Rd6 Qe2 54. Rxb6 Nxa4 55. Rc6 Qb5 56. Qd6 Qf5 57. Qd4+ f6 58. Qxa4 Qe5+ 59. f4 gxf4 60. Qc2 f3+ 61. g3 Qh5+ 62. Kg1 f2+ 63. Qxf2 1-0

[Event "Budapest One Week GM 02"]
[Site "Budapest"]
[Date "2024.03.02"]
[Round "9"]
[White "Gaal, Zsoka"]
[Black "Pribelszky, Bence"]
[Result "1/2-1/2"]
[WhiteElo "2363"]
[BlackElo "2375"]
[PlyCount "72"]
[EventDate "2024.02.26"]
[EventType "tourn"]
[EventRounds "9"]
[EventCountry "HUN"]
[EventCategory "6"]
[SourceTitle "CB11_2024"]
[SourceDate "2024.03.13"]
[SourceVersion "1"]
[SourceVersionDate "2024.03.13"]
[SourceQuality "1"]

1. Nf3 Nf6 2. g3 b6 3. Bg2 Bb7 4. d4 c5 5. dxc5 bxc5 6. c4 g6 7. Nc3 Bg7 8. 0-0 0-0 9. Nd5 Nxd5 10. cxd5 d6 11. e4 Nd7 12. Qa4 a5 13. Re1 Ba6 14. Qc2 Qb6 15. Rb1 Qb4 16. Bd2 Qc4 17. Bc3 Qd3 18. Qa4 Bxc3 19. bxc3 Nf6 20. e5 Nxd5 21. Qh4 Nxc3 22. Qh6 f6 23. exf6 exf6 24. Bf1 Qxb1 25. Rxb1 Nxb1 26. Nh4 Bxf1 27. Kxf1 Rf7 28. Nxg6 Nd2+ 29. Qxd2 hxg6 30. Qxd6 Rc8 31. Qa6 Rcc7 32. Qxa5 c4 33. Qc3 Kg7 34. h4 Rfd7 35. g4 Rd3 36. Qa5 Rdd7 1/2-1/2

[Event "EU-chT (Women) 24th"]
[Site "Budva"]
[Date "2023.11.14"]
[Round "4.2"]
[White "Gaal, Zsoka"]
[Black "Heinemann, Josefine"]
[Result "0-1"]
[WhiteElo "2304"]
[BlackElo "2318"]
[PlyCount "99"]
[EventDate "2023.11.11"]
[EventType "team-swiss"]
[EventRounds "9"]
[EventCountry "MNE"]
[SourceTitle "CB47_2023"]
[SourceDate "2023.11.22"]
[SourceVersion "1"]
[SourceVersionDate "2023.11.22"]
[SourceQuality "1"]
[WhiteTeam "Hungary (W)"]
[BlackTeam "Germany (W)"]
[WhiteTeamCountry "HUN"]
[BlackTeamCountry "GER"]

1. d4 Nf6 2. c4 e6 3. Nc3 Bb4 4. e3 0-0 5. Bd3 c5 6. Nge2 d5 7. cxd5 cxd4 8. exd4 Nxd5 9. 0-0 Nc6 10. a3 Bd6 11. Re1 h6 12. Bc2 Nf6 13. Qd3 Ne7 14. Ng3 Ng6 15. Bd2 Bd7 16. Nce4 Be7 17. Nc5 Bxc5 18. dxc5 Ba4 19. Qxd8 Rfxd8 20. Bxa4 Rxd2 21. b4 Nf4 22. Red1 Rad8 23. b5 Kf8 24. c6 Rxd1+ 25. Bxd1 bxc6 26. bxc6 Rc8 27. Ba4 N6d5 28. Bb5 Nc3 29. a4 Nfd5 30. f3 Nc7 31. Bc4 N7d5 32. Bb5 Nc7 33. Bc4 Ne8 34. Bb5 Nd6 35. Nh5 Ncxb5 36. axb5 Nxb5 37. Ra5 Nd6 38. Rxa7 Rxc6 39. Ra8+ Rc8 40. Rxc8+ Nxc8 41. f4 Nd6 42. Kf2 Ne4+ 43. Kf3 f5 44. g4 g6 45. gxf5 exf5 46. Ng3 Nxg3 47. hxg3 Kf7 48. Ke3 Ke7 49. Kd4 Kd6 50. Ke3 0-1

[Event "EU-chT (Women) 24th"]
[Site "Budva"]
[Date "2023.11.13"]
[Round "3.4"]
[White "Buksa, Nataliya"]
[Black "Gaal, Zsoka"]
[Result "1-0"]
[WhiteElo "2377"]
[BlackElo "2304"]
[PlyCount "96"]
[EventDate "2023.11.11"]
[EventType "team-swiss"]
[EventRounds "9"]
[EventCountry "MNE"]
[SourceTitle "CB47_2023"]
[SourceDate "2023.11.22"]
[SourceVersion "1"]
[SourceVersionDate "2023.11.22"]
[SourceQuality "1"]
[WhiteTeam "Ukraine (W)"]
[BlackTeam "Hungary (W)"]
[WhiteTeamCountry "UKR"]
[BlackTeamCountry "HUN"]

1. e4 e5 2. Nf3 Nc6 3. Bb5 a6 4. Ba4 Nf6 5. 0-0 Be7 6. Re1 b5 7. Bb3 d6 8. c3 0-0 9. h3 Bb7 10. d4 Re8 11. Nbd2 Bf8 12. a3 h6 13. Bc2 Nb8 14. b4 Nbd7 15. Bb2 Rc8 16. Rc1 Nb6 17. Bd3 g6 18. Qc2 Nfd7 19. c4 c5 20. bxc5 dxc5 21. d5 Bd6 22. Qd1 b4 23. Nh2 a5 24. Ndf1 a4 25. Ng3 Nf6 26. Qd2 Kh7 27. Ngf1 Nh5 28. g3 Rc7 29. Be2 Bc8 30. Bg4 Qg5 31. f4 exf4 32. Nf3 Qd8 33. e5 Bf8 34. Bxh5 Bxh3 35. gxf4 gxh5 36. Qd3+ Kh8 37. Ne3 bxa3 38. Ba1 Bg4 39. Kf2 Bg7 40. Rh1 Nd7 41. Rcg1 Qb8 42. Nxg4 Qb3 43. Qf5 Qa2+ 44. Kg3 hxg4 45. e6 Nf8 46. Rxh6+ Kg8 47. Bxg7 Qe2 48. Qxg4 Qd3 1-0

[Event "Titled Tuesday intern op 26th Sep Early"]
[Site "Chess.com INT"]
[Date "2023.09.26"]
[Round "1"]
[White "Gaal, Zsoka"]
[Black "Vakhlamov, Igor L"]
[Result "0-1"]
[WhiteElo "2308"]
[BlackElo "2413"]
[PlyCount "92"]
[EventDate "2023.09.26"]
[EventType "swiss (blitz)"]
[EventRounds "11"]
[EventCountry "USA"]
[SourceTitle "EXT 2024"]
[Source "ChessBase"]
[SourceDate "2023.10.10"]
[SourceVersion "1"]
[SourceVersionDate "2023.10.10"]
[SourceQuality "1"]

1. Nf3 d5 2. g3 Nf6 3. Bg2 c5 4. 0-0 Nc6 5. b3 e5 6. Bb2 e4 7. Ne1 Be7 8. d3 0-0 9. c4 exd3 10. Nxd3 d4 11. Nd2 Bf5 12. Nf3 Rc8 13. Nfe5 Nxe5 14. Nxe5 Qc7 15. Nd3 Rfe8 16. Nf4 Bd6 17. Bc1 Be4 18. Bxe4 Rxe4 19. Nd5 Nxd5 20. cxd5 Qe7 21. e3 dxe3 22. Bxe3 Re8 23. Qd3 h5 24. Rac1 h4 25. Bd2 Qe5 26. Rfe1 h3 27. Rxe4 Qxe4 28. Qxe4 Rxe4 29. Be3 b6 30. Kf1 f5 31. Ke2 g5 32. Kd3 g4 33. Rc4 Re5 34. Rc1 b5 35. Ke2 Rxd5 36. Rd1 Rxd1 37. Kxd1 Kf7 38. Kc2 Ke6 39. a3 Kd5 40. b4 cxb4 41. axb4 Bxb4 42. Bxa7 Bc5 43. Bxc5 Kxc5 44. Kc3 b4+ 45. Kb3 Kb5 46. Kb2 Kc4 0-1

[Event "Titled Tuesday intern op 26th Sep Early"]
[Site "Chess.com INT"]
[Date "2023.09.26"]
[Round "6"]
[White "Gubajdullin, Alexey"]
[Black "Gaal, Zsoka"]
[Result "0-1"]
[WhiteElo "2253"]
[BlackElo "2308"]
[PlyCount "96"]
[EventDate "2023.09.26"]
[EventType "swiss (blitz)"]
[EventRounds "11"]
[EventCountry "USA"]
[SourceTitle "EXT 2024"]
[Source "ChessBase"]
[SourceDate "2023.10.10"]
[SourceVersion "1"]
[SourceVersionDate "2023.10.10"]
[SourceQuality "1"]

1. d4 f5 2. Nf3 Nf6 3. Bf4 g6 4. e3 Bg7 5. Be2 0-0 6. 0-0 d6 7. c4 Nbd7 8. Nc3 c6 9. Rc1 Qe8 10. d5 Nh5 11. Nd4 Nxf4 12. exf4 Nc5 13. Bf3 e5 14. dxe6 Nxe6 15. Nxe6 Qxe6 16. Re1 Qf6 17. b3 Bd7 18. Qd3 Rae8 19. Red1 Bc8 20. g3 Rd8 21. Kg2 Rfe8 22. Rc2 Be6 23. b4 Qf7 24. Ne2 d5 25. c5 d4 26. Qa3 Bd5 27. Nc1 Be4 28. Rcd2 d3 29. Qb3 Qxb3 30. axb3 Bc3 31. Rxd3 Bxd3 32. Nxd3 Rd4 33. b5 Red8 34. bxc6 bxc6 35. Be2 a5 36. h4 Kg7 37. h5 R4d5 38. h6+ Kf8 39. Kf3 Bf6 40. Ke3 Bd4+ 41. Kf3 Bxc5 42. Kg2 Be7 43. Kf3 Bf6 44. Ke3 Bd4+ 45. Kf3 Bb6 46. Nb2 Rxd1 47. Bxd1 Rd2 48. Nc4 Rxf2# 0-1